COMPUTER GRAPHICS: TECHNIQUES AND APPLICATIONS (Record no. 216595)

MARC details
000 -LEADER
fixed length control field 00522nam a22001697a 4500
008 - FIXED-LENGTH DATA ELEMENTS--GENERAL INFORMATION
fixed length control field 260223b |||||||| |||| 00| 0 eng d
020 ## - INTERNATIONAL STANDARD BOOK NUMBER
International Standard Book Number 978-1-4684-8588-2
100 ## - MAIN ENTRY--PERSONAL NAME
Personal name PARSLOW, R.D.
245 ## - TITLE STATEMENT
Title COMPUTER GRAPHICS: TECHNIQUES AND APPLICATIONS
260 ## - PUBLICATION, DISTRIBUTION, ETC.
Place of publication, distribution, etc. NEW YORK
Name of publisher, distributor, etc. PLENUM PUBLISHING CORPORATION
300 ## - PHYSICAL DESCRIPTION
Extent XVI, 233P.
500 ## - GENERAL NOTE
General note INCLUDES BIBLIOGRAPHICAL REFERENCES AND INDEX
650 ## - SUBJECT ADDED ENTRY
Topical term or geographic name entry element COMPUTER GRAPHICS
700 ## - ADDED ENTRY--PERSONAL NAME
Personal name I. PROWSE, R.D. II. GREEN, R. ELLIOT
942 ## - ADDED ENTRY ELEMENTS (KOHA)
Source of classification or shelving scheme Library of Congress Classification
Koha item type Long Loan Book
Holdings
Withdrawn status Lost status Source of classification or shelving scheme Damaged status Not for loan Collection Home library Current library Date acquired Inventory number Total checkouts Full call number Barcode Date last seen Copy number Price effective from Koha item type
    Library of Congress Classification     Science & Technology Kisii University Library Kisii University Library 02/23/2026 111961   T 385 .C66 1969 A000888 02/23/2026 1 02/23/2026 Long Loan Book
    Library of Congress Classification     Science & Technology Kisii University Library Kisii University Library 02/23/2026 111962   T 385 .C66 1969 A000885 02/23/2026 2 02/23/2026 Long Loan Book
    Library of Congress Classification     Science & Technology Kisii University Library Kisii University Library 02/23/2026 111963   T 385 .C66 1969 A000887 02/23/2026 3 02/23/2026 Long Loan Book